00893cam a22002411 4500001001300000003000400013005001700017008004100034010001700075035002000092040002100112050001800133245012500151260007000276300005400346500006900400650003600469700003300505700001800538700004100556740003700597999001700634he 65000614 DLC20260227111430.0850306s1964 is abc 000 0 heb  ahe 65000614  a(OCoLC)19202214 aDLCcMHdCUdDLC00aDS118b.I651500aToldot ha-Yehudim /cYoshve rosh moʻetset ha-maʻarekhet, Binyamin Mazar, Mosheh Daiṿis [ṿe-]Ḥ. H. Ben-Śaśon. aJerusalem :bha-Makhon le-hotsaʼah le-or be-Yiśraʼel,c[1964] a406 p. :bill. (part col.) maps, ports. ;c29 cm. aAmerican edition has title: The illustrated history of the Jews. 0aJewsxHistoryvPictorial works.1 aMazar, Benjamin,d1906-1995.1 aDavis, Moshe.1 aBen-Sasson, Haim Hillel,d1914-1977.0 aIllustrated history of the Jews. c31075d31075